Quizzes
Events
Quiz Creation
Community
Videos
Private Events
Remove Ads
Sign In
Join for FREE
Feedback
Dark Mode
Quiz Categories
Sports
Geography
Music
Movies
Television
Just For Fun
Miscellaneous
History
Literature
Language
Science
Gaming
Entertainment
Religion
Holiday
For Kids
Quiz Lab
Recent
Popular Today
Quiz Kudos Today
Editor Picks
Curator Picks
Quizzes by...
Day
Popularity
Type
Ratings
Length
Year
Community
Subscriptions
Recent Discussions
Orange Saloon
Badges
Playlists
Quests
Create
Leaderboards
Showdown
Live 5
Trivia Bingo
Activity
Puzzle Library
Sporcle Events
Private Events
Virtual Trivia
Globe League
Become a Host
Pub Owners
SporcleCon
Opinionation
Our Games
Videos
Blog
Mobile Apps
Partnerships
Remove Ads and Go Orange
Feedback
Gaming
Video Games
Board Games
Card Games
Pokémon
Mario
Nintendo
Minecraft
Console
Toys
Legend of Zelda
Gaming
Video Games
Board Games
Card Games
Pokémon
Mario
Nintendo
Minecraft
Console
Toys
Legend of Zelda
Random Quiz
Search Sporcle
×
Quiz Lab
Quiz Lab
Gaming
Pokémon
Type in answers that appear in a list
Type in answers that appear in a list
Classic
Best Score? Go Orange.
Pokémon and their Stones Stats
Can you name the stones that cause evolution into the following Pokémon?
By
Xolotl123
2m
10 Questions
116 Plays
116 Plays
116 Plays
Comments
Comments
Give Quiz Kudos
Give Quiz Kudos
-
- Ratings
hide this ad
Forced Order
Answers have to be entered in order
Answers have to be entered in order
Replay
Link that replays current quiz
Next Quiz
Link to next quiz in quiz playlist
You Got
0%
They Got
Avg Score
88%
Avg Friend Score
Upgrade to see
Score Distribution
Jump to the score distribution portion of the page
Score
0/10
Timer
02:00
0
Plays Today
Pokémon
Stone
% Correct
Vaporeon
Water
100%
Arcanine
Fire
99.1%
Nidoking
Moon
97.4%
Raichu
Thunder
97.4%
Bellossom
Sun
95.7%
Simisage
Leaf
91.3%
Chandelure
Dusk
84.3%
Froslass
Dawn
80%
Roserade
Shiny
75.7%
Chansey
Oval
60%
Quiz Playlist
Details
Report
Send in Message
Add To Playlist
Classic:
Type in answers that appear in a list
Forced Order:
Answers have to be entered in order
Quiz Source
Last Updated: Feb 16, 2017
Quiz Scoreboard
CHALLENGE
Sign Up to Join the Scoreboard
Show All
Scores
Hide
Comments
May contain spoilers
Recently Published
Pick 6: Fruits
by JohnFran
Miscellaneous
15s
Click the 1999 NBA Draft
by nibperrychub
Sports
2m
Alphabetical 'K' Countries by Flag Minefield
by ylime102
Geography
3m
More to Explore
Quiz From the Vault
Featured Blog Post
15 Basketball Trivia Facts You Can Be March Mad About
hide this ad
You Might Also Like...
Tags
Nintendo Quiz
Pokémon Quiz
Today's Top Quizzes in Gaming
Browse Gaming
hide this ad
Today's Top Quizzes in Pokémon
Browse Pokémon
Top Contributed Quizzes in Gaming
1
Video Game Rainbow Blitz
2
Genshin Impact Logic Puzzle
3
Pokémon Gen IV Logic Puzzle (HARD)
4
Rainbow Six Siege Operators by Picture
5
Genshin Impact Logic Puzzle Quiz
6
Pokémon Logic Puzzle (DIFFICULT)
7
Ordering Roman Numerals: Pokémon
8
Magic: the Gathering Set Symbols - LCI
9
St. Patrick's Pick: Gaming
10
Wii Remote Buttons
Explore More
Trending Topics
Kpop
Harry Potter
Anime
Crossword
Marvel
Disney
NBA
Pokémon
The Office
Puzzle
Song
Country
Soccer
NFL
WWE
hide this ad
More By:
Xolotl123
Quiz
Plays
Rating
Category
Featured
Created
British Geography Bunker
8,568
3.88
Geography
May 20, 2013
Most/Least Guessed Pokémon (Gen I)
7,989
4.45
Gaming
Oct 21, 2013
Pokémon Sixes
3,402
4.65
Gaming
Oct 29, 2012
One Syllable Pokémon Moves
2,510
4.57
Gaming
Mar 1, 2013
Digimon Grabbag
2,151
3.75
Gaming
Apr 5, 2013
Go to Creator's Profile
Score Distribution
Quiz Creator Spotlight
Xolotl123
Follow
Send a Message
Quizzes Created
-
Created Quiz Play Count
-
More By This Creator
Popular Quizzes Today
1
Countries of Asia Without Outlines Minefield
2
Find the US States - No Outlines Minefield
3
Pick 6: Fruits
4
Alphabetical 'K' Countries by Flag Minefield
5
The Countries of the World
6
Click the 1999 NBA Draft
7
Match the Book to the Film X
8
Find the US States
More Gaming Quizzes
Zelda Twilight Princess Wii Map
Quiz Lab
Trending Quizzes
Pick 6: Harry Potter
Pick 6: Golfers
Donkey Kong Minefield
DC Extended Universe: Oldest to Newest
Multiplication Danger Zone
Recently Updated
Women's Final Four Teams by Year
bhenderson79
Presidents Quartet II
eogle
Anything But Clue(do)
eogle
Anything But Oceanian Capitals
eogle
Anything But 7
eogle
Anything But Thing
eogle
Word Ladder: February 29
pecheneg
Song Title Questions
pecheneg
Women's NCAA Tournament #1 Seeds
pecheneg
Celebrity Mug Shots
pecheneg
Trending Topics
Harry Potter
Disney
Anime
Kpop
Crossword
Marvel
NBA
Soccer
Puzzle
NFL
Country
Song
The Office
WWE
Pokémon
Your Account Isn't Verified!
In order to create a playlist on Sporcle, you need to verify the email address you used during registration. Go to your
Sporcle Settings
to finish the process.
Report this User
Report this user for behavior that violates our
Community Guidelines
.
Details:
Send Report
Go to the Sporcle.com Mobile Site →
Comments